000 01054nas a2200265Ia 4500
001 R022/43038
003 IT-RoPAU
008 151124c99999999xx |||||||||||| ||und||
040 _aIT-RoPAU
040 _cIT-RoPAU
041 _aITALIANO
100 _aAA.VV.
_gCodice Aut. SPICS: 12000
210 _aINFORMAZIONI MCS
222 _aInformazioni Mcs
245 _aINFORMAZIONI MCS, ANNO 22-N.01 (GENNAIO 1979)
_bInformazioni Mcs, Anno 22-N.01 (Gennaio 1979)
250 _a1a ed.
260 _aVICENZA
_bINFORMAZIONI MCS
_c1979
501 _bPaulus - SPICS - Società San Paolo EM (non-commercial uses only)
_cCopyright2015
300 _a32 p.
310 _aMENSILE
362 _aANNO 022, N.01 (GENNAIO 1979)
500 _aNon C'E' Chiesa Senza Comunicazione. Schede Critiche dei Film: il Vizietto, Visite a Domicilio, Elliott il Drago Invisibile, la Vendetta della Pantera Rosa, Corleone, Driver, Agenzia Matrimoniale A, Convoy, a Chi Tocca Tocca, Battaglie nella Galassia, Dis
650 _aCINEMA
_vPUBBLICAZIONE PERIODICA
942 _cCR
999 _c145248
_d145248